[Event "TE.2005.S.02004"]
[Site "IECG"]
[Date "2007.12.08"]
[Round "?"]
[White "Baer, Werner"]
[Black "Schloegl, Dietrich"]
[Result "1-0"]
[WhiteElo "1939"]
[BlackElo "1721"]
[PlyCount "129"]
[EventDate "2007.12.08"]
[EventType "tourn (corr)"]
[SourceTitle "OM Corr 202003"]
[Source "Opening Master"]
[SourceDate "2019.05.30"]
[SourceVersion "2"]
[SourceVersionDate "2019.05.30"]
[SourceQuality "1"]

1. e4 e5 2. Nf3 Nc6 3. c3 Nf6 4. d4 Nxe4 5. d5 Ne7 6. Nxe5 Ng6 7. Nxg6 hxg6 8.
Nd2 Nf6 9. Nf3 Bc5 10. Qe2+ Qe7 11. Qxe7+ Bxe7 12. Bc4 Rh5 13. h4 b5 14. Bxb5
Rxd5 15. Bc4 Rf5 16. O-O Rh5 17. Bg5 d5 18. Bb3 Bb7 19. Rfd1 Rd8 20. c4 dxc4
21. Ba4+ Kf8 22. Rxd8+ Bxd8 23. Ne5 Be7 24. Rc1 Bd5 25. Bd1 Rh7 26. Nxc4 c5 27.
Ne3 Be6 28. g3 Rh8 29. Bf3 Kg8 30. b3 Kh7 31. Bg4 Nxg4 32. Bxe7 Nxe3 33. fxe3
Rc8 34. Bxc5 Bd5 35. b4 Bxa2 36. Ra1 Bd5 37. Rxa7 Ra8 38. Rd7 Ra1+ 39. Kf2 Ra2+
40. Ke1 Be6 41. Rb7 Bd5 42. Re7 Rb2 43. Kd1 g5 44. hxg5 Kg6 45. Kc1 Ra2 46. Bd4
Bc4 47. Rc7 Bd3 48. Rc6+ Kh5 49. Rc5 g6 50. b5 Ra5 51. Rc3 Be4 52. Bf6 Kg4 53.
Rb3 Kf3 54. Kd2 Ra7 55. b6 Rd7+ 56. Bd4 Kxg3 57. Rc3 Re7 58. Rc1 Kf2 59. Kc3
Ke2 60. Kb4 Bb7 61. Bf6 Rd7 62. Rc7 Rxc7 63. bxc7 Kxe3 64. Kb5 Bc8 65. Kb6 1-0

[Event "TE.2005.S.02002"]
[Site "IECG"]
[Date "2007.12.08"]
[Round "?"]
[White "Pintor, Manuel Abranches"]
[Black "Abbey, William"]
[Result "1-0"]
[WhiteElo "2233"]
[BlackElo "1571"]
[PlyCount "117"]
[EventDate "2007.12.08"]
[EventType "tourn (corr)"]
[SourceTitle "OM Corr 202003"]
[Source "Opening Master"]
[SourceDate "2019.05.30"]
[SourceVersion "2"]
[SourceVersionDate "2019.05.30"]
[SourceQuality "1"]

1. e4 e5 2. Nf3 Nc6 3. c3 d5 4. Bb5 dxe4 5. Nxe5 Qd5 6. Qa4 Nge7 7. f4 exf3 8.
Nxf3 a6 9. Be2 Bd7 10. d4 Ng6 11. Qb3 Qxb3 12. axb3 Bd6 13. g3 h5 14. Kf2 h4
15. Re1 hxg3+ 16. hxg3 O-O-O 17. Nbd2 Rde8 18. Nc4 Bf8 19. Bd2 f6 20. b4 Nd8
21. Ne3 Nf7 22. c4 Nd6 23. Bd3 Ne4+ 24. Bxe4 Rxe4 25. b5 Bd6 26. Rg1 c5 27.
bxc6 Bxc6 28. Rae1 Bc7 29. d5 Ba4 30. Rh1 Rxh1 31. Rxh1 Bb3 32. c5 Ne7 33. d6
Bd8 34. dxe7 Bxe7 35. Rc1 g6 36. Bc3 Ra4 37. c6 bxc6 38. Bxf6 Bxf6 39. Rxc6+
Kb7 40. Rxf6 Ra2 41. Ne5 Rxb2+ 42. Kf3 Ra2 43. Rxg6 a5 44. Nd3 a4 45. Nc5+ Kc7
46. Ra6 Kd8 47. Nxb3 axb3 48. Rxa2 bxa2 49. Nc2 Ke7 50. g4 Kd6 51. g5 Ke7 52.
Kg4 Ke6 53. g6 Kf6 54. Kh5 Kg7 55. Kg5 Kg8 56. Kh6 Kh8 57. Na1 Kg8 58. g7 Kf7
59. Kh7 1-0

[Event "TE.2005.S.02004"]
[Site "IECG"]
[Date "2007.12.08"]
[Round "?"]
[White "Mikhailukov, Ivan"]
[Black "Roman, Adrenalyn"]
[Result "1/2-1/2"]
[WhiteElo "1925"]
[BlackElo "1840"]
[PlyCount "64"]
[EventDate "2007.12.08"]
[EventType "tourn (corr)"]
[SourceTitle "OM Corr 202003"]
[Source "Opening Master"]
[SourceDate "2019.05.30"]
[SourceVersion "2"]
[SourceVersionDate "2019.05.30"]
[SourceQuality "1"]

1. e4 e5 2. Nf3 Nc6 3. c3 Nf6 4. d4 Nxe4 5. d5 Ne7 6. Nxe5 Ng6 7. Qd4 Qf6 8.
Qxe4 Qxe5 9. Qxe5+ Nxe5 10. Bf4 d6 11. Nd2 g6 12. O-O-O Bg7 13. Re1 O-O 14. Nc4
Ng4 15. f3 Nf6 16. Ne3 Nh5 17. Bg5 f6 18. Bh4 Bd7 19. Bf2 Rae8 20. Bc4 f5 21.
Nc2 b5 22. Bf1 Rxe1+ 23. Nxe1 Re8 24. c4 a6 25. b3 bxc4 26. Bxc4 Bb5 27. Rf1
Kf7 28. Kd2 Bh6+ 29. Kd1 Nf4 30. g3 Ne2 31. Nd3 Bg7 32. Kc2 Bxc4 1/2-1/2

[Event "TE.2005.S.02004"]
[Site "IECG"]
[Date "2007.12.08"]
[Round "?"]
[White "Schloegl, Dietrich"]
[Black "Baer, Werner"]
[Result "0-1"]
[WhiteElo "1721"]
[BlackElo "1939"]
[PlyCount "77"]
[EventDate "2007.12.08"]
[EventType "tourn (corr)"]
[SourceTitle "OM Corr 202003"]
[Source "Opening Master"]
[SourceDate "2019.05.30"]
[SourceVersion "2"]
[SourceVersionDate "2019.05.30"]
[SourceQuality "1"]

1. e4 e5 2. Nf3 Nc6 3. c3 d5 4. Qa4 f6 5. Bb5 Nge7 6. exd5 Qxd5 7. d4 Bg4 8.
Bc4 Qd7 9. dxe5 Nxe5 10. Bb5 c6 11. Nxe5 fxe5 12. Bf1 Nd5 13. Nd2 Be7 14. Ne4
Rd8 15. f3 b5 16. Qd1 Bf5 17. Be2 a5 18. a4 Qa7 19. Qc2 b4 20. Nd6+ Rxd6 21.
Qxf5 bxc3 22. Rb1 Ne3 23. Bxe3 Qxe3 24. bxc3 Qxc3+ 25. Kf1 g6 26. Qc8+ Bd8 27.
Qg4 Rf8 28. Qh3 Rf7 29. Qg3 Kf8 30. Qe1 Qc2 31. h4 Qxa4 32. Rh3 Rfd7 33. h5 g5
34. Rb8 Rd2 35. Rb1 Qf4 36. Rg3 a4 37. Rb8 a3 38. Rg4 Qh2 39. Kf2 0-1

[Event "TE.2005.S.02002"]
[Site "IECG"]
[Date "2007.12.08"]
[Round "?"]
[White "Abbey, William"]
[Black "Pintor, Manuel Abranches"]
[Result "0-1"]
[WhiteElo "1571"]
[BlackElo "2233"]
[PlyCount "104"]
[EventDate "2007.12.08"]
[EventType "tourn (corr)"]
[SourceTitle "OM Corr 202003"]
[Source "Opening Master"]
[SourceDate "2019.05.30"]
[SourceVersion "2"]
[SourceVersionDate "2019.05.30"]
[SourceQuality "1"]

1. e4 e5 2. Nf3 Nc6 3. c3 d5 4. Qa4 f6 5. d3 Be6 6. Be2 Qd7 7. O-O Nge7 8. Nbd2
a6 9. d4 exd4 10. Nxd4 Nxd4 11. Qxd4 Nc6 12. Qa4 d4 13. Bc4 O-O-O 14. Bxa6 bxa6
15. Qxa6+ Kb8 16. Nf3 Bg4 17. Qb5+ Ka8 18. Nxd4 Nxd4 19. Qa5+ Kb7 20. cxd4 Be2
21. Bf4 Bxf1 22. Rxf1 Bd6 23. Be3 Qc6 24. Rc1 Qxe4 25. d5 Rb8 26. a3 Rhe8 27.
Rd1 Ra8 28. Qc3 Re5 29. Qc6+ Kb8 30. Qb5+ Kc8 31. h3 Ra4 32. Qc6 Qc4 33. Rc1
Rxd5 34. Qe8+ Kb7 35. g3 Qe4 36. Qc6+ Kc8 37. Kh2 Rd3 38. Qb5 Rxe3 39. fxe3
Qxe3 40. Qf5+ Kd8 41. Rg1 Rd4 42. Rg2 Rd1 43. Qf2 Qd3 44. a4 h5 45. h4 Qe4 46.
Rg1 Qxh4+ 47. Kg2 Qe4+ 48. Kh2 Rd3 49. Re1 Qh4+ 50. Kg2 Rxg3+ 51. Kf1 Qc4+ 52.
Re2 Rh3 0-1

[Event "TE.2005.S.02004"]
[Site "IECG"]
[Date "2007.12.08"]
[Round "?"]
[White "Schloegl, Dietrich"]
[Black "Geiger, Walter"]
[Result "0-1"]
[WhiteElo "1721"]
[BlackElo "2149"]
[PlyCount "67"]
[EventDate "2007.12.08"]
[EventType "tourn (corr)"]
[SourceTitle "OM Corr 202003"]
[Source "Opening Master"]
[SourceDate "2019.05.30"]
[SourceVersion "2"]
[SourceVersionDate "2019.05.30"]
[SourceQuality "1"]

1. e4 e5 2. Nf3 Nc6 3. c3 d5 4. Qa4 Bd7 5. exd5 Nd4 6. Qd1 Nxf3+ 7. Qxf3 Nf6 8.
Bc4 e4 9. Qe2 Bd6 10. d3 O-O 11. dxe4 Nxe4 12. Be3 Re8 13. Nd2 Nxd2 14. Kxd2 b5
15. Bd3 c5 16. Kc1 c4 17. Bc2 b4 18. cxb4 Bxb4 19. Kb1 Qc7 20. Qh5 g6 21. Qf3
Rab8 22. Bd4 Bd6 23. Rd1 Be5 24. b3 Bxd4 25. Rxd4 Re1+ 26. Rd1 Rxd1+ 27. Qxd1
Re8 28. a3 Qb6 29. Ra2 cxb3 30. Bxb3 Bg4 31. f3 Bf5+ 32. Ka1 Qf6+ 33. Rb2 Qc3
34. Ka2 0-1

[Event "TE.2005.S.02004"]
[Site "IECG"]
[Date "2007.12.08"]
[Round "?"]
[White "Geiger, Walter"]
[Black "Schloegl, Dietrich"]
[Result "1-0"]
[WhiteElo "2149"]
[BlackElo "1721"]
[PlyCount "96"]
[EventDate "2007.12.08"]
[EventType "tourn (corr)"]
[SourceTitle "OM Corr 202003"]
[Source "Opening Master"]
[SourceDate "2019.05.30"]
[SourceVersion "2"]
[SourceVersionDate "2019.05.30"]
[SourceQuality "1"]

1. e4 e5 2. Nf3 Nc6 3. c3 Nf6 4. d4 Nxe4 5. d5 Ne7 6. Nxe5 Ng6 7. Nxg6 hxg6 8.
Bd3 Qe7 9. O-O Qh4 10. h3 Nc5 11. Re1+ Be7 12. Bc2 d6 13. Qe2 Rh5 14. g3 Qf6
15. b4 Nd7 16. Nd2 Rxd5 17. Ne4 Qe6 18. Bb3 Nb6 19. Bxd5 Nxd5 20. Qc4 Kd8 21.
Bg5 Nf6 22. Nxd6 Qxc4 23. Nxc4 Bxh3 24. Rad1+ Ke8 25. Ne5 Bd6 26. Nxg6+ Be6 27.
Rd4 b5 28. Nf4 Kd7 29. Nxe6 fxe6 30. c4 bxc4 31. Rxc4 Rb8 32. Bd2 Rb6 33. a3
Ra6 34. Bc1 Ra4 35. Rh4 c6 36. Bb2 a5 37. Bxf6 gxf6 38. Rh7+ Be7 39. Rd1+ Ke8
40. Rh8+ Bf8 41. Rd6 axb4 42. axb4 Ra1+ 43. Kg2 Rc1 44. Rxe6+ Kf7 45. Re4 Kg7
46. Rhh4 c5 47. Reg4+ Kf7 48. Rh7+ Ke6 1-0

[Event "TE.2005.S.02001"]
[Site "IECG"]
[Date "2007.12.08"]
[Round "?"]
[White "Secrieru, Ioan"]
[Black "Sadowski, Marek"]
[Result "0-1"]
[WhiteElo "1777"]
[BlackElo "2040"]
[PlyCount "102"]
[EventDate "2007.??.??"]
[SourceTitle "OM Corr 202003"]
[Source "Opening Master"]
[SourceDate "2019.05.30"]
[SourceVersion "2"]
[SourceVersionDate "2019.05.30"]
[SourceQuality "1"]

1. e4 e5 2. Nf3 Nc6 3. c3 d5 4. Qa4 f6 5. Bb5 Nge7 6. O-O a6 7. exd5 axb5 8.
Qxa8 Nxd5 9. b4 Kf7 10. Qa3 e4 11. Ne1 Nf4 12. Kh1 Bd6 13. Qb2 Qe7 14. d4 exd3
15. Bxf4 Qe2 16. Nd2 Bxf4 17. Nef3 Qe6 18. a4 Qd5 19. Rfe1 Ne5 20. Re4 Bxd2 21.
Rd4 Nc4 22. Qa2 Qf5 23. Nxd2 Be6 24. Nxc4 Bxc4 25. Qb1 c6 26. axb5 cxb5 27. Ra7
Re8 28. Rxb7+ Kf8 29. Qg1 Bd5 30. Ra7 Re2 31. Ra1 d2 32. Rf1 Qe6 33. f3 Bc4 34.
Rd8+ Ke7 35. Rxd2 Rxd2 36. Qa7+ Kf8 37. Ra1 Qe5 38. Qb7 Bf7 39. h3 Qxc3 40. Re1
g5 41. Qxb5 Rxg2 42. Kxg2 Qxe1 43. Qc5+ Kg7 44. Qd4 h5 45. Qb2 Be6 46. b5 h4
47. b6 Qg3+ 48. Kf1 Bc4+ 49. Qe2 Qxf3+ 50. Kg1 Bxe2 51. b7 Bf1 0-1

[Event "TE.2005.S.02001"]
[Site "IECG"]
[Date "2007.12.08"]
[Round "?"]
[White "Sadowski, Marek"]
[Black "Secrieru, Ioan"]
[Result "1-0"]
[WhiteElo "2040"]
[BlackElo "1777"]
[PlyCount "79"]
[EventDate "2007.??.??"]
[SourceTitle "OM Corr 202003"]
[Source "Opening Master"]
[SourceDate "2019.05.30"]
[SourceVersion "2"]
[SourceVersionDate "2019.05.30"]
[SourceQuality "1"]

1. e4 e5 2. Nf3 Nc6 3. c3 d5 4. Qa4 f6 5. d3 Bc5 6. b4 Bb6 7. exd5 Qxd5 8. c4
Qe6 9. c5 Bd7 10. Be2 e4 11. dxe4 Qxe4 12. Nc3 Qxb4 13. Qxb4 Nxb4 14. cxb6 Nc2+
15. Kd2 Nxa1 16. Nd5 Kf7 17. Nxc7 Rd8 18. bxa7 Bb5+ 19. Nd4 Bxe2 20. Kxe2 Ne7
21. Be3 Nd5 22. Rc1 h5 23. Ndb5 Nxc7 24. Nxc7 Rc8 25. Bb6 g5 26. Rxa1 h4 27.
Rd1 f5 28. Rd7+ Kg6 29. Bd4 Rhf8 30. Rd6+ Kh7 31. Nd5 Rc7 32. Nxc7 f4 33. Re6
h3 34. Ne8 hxg2 35. a8=Q g1=N+ 36. Kd3 Rf7 37. Nd6 Rf6 38. Bxf6 g4 39. Qh8+ Kg6
40. Bh4# 1-0

[Event "TE.2005.S.02005"]
[Site "IECG"]
[Date "2007.12.08"]
[Round "?"]
[White "Law, Steve"]
[Black "Buczinski, Henryk"]
[Result "0-1"]
[WhiteElo "1720"]
[BlackElo "2147"]
[PlyCount "46"]
[EventDate "2007.12.08"]
[EventType "tourn (corr)"]
[SourceTitle "OM Corr 202003"]
[Source "Opening Master"]
[SourceDate "2019.05.30"]
[SourceVersion "2"]
[SourceVersionDate "2019.05.30"]
[SourceQuality "1"]

1. e4 e5 2. Nf3 Nc6 3. c3 d5 4. Bb5 dxe4 5. Nxe5 Qg5 6. Qa4 Qxg2 7. Rf1 Bh3 8.
Bxc6+ bxc6 9. Qxc6+ Kd8 10. Qxa8+ Ke7 11. Kd1 Qxf1+ 12. Kc2 Bf5 13. Qd5 Nh6 14.
h4 f6 15. Qc5+ Ke6 16. Qc4+ Qxc4 17. Nxc4 e3+ 18. d3 exf2 19. Nbd2 Bh3 20. Ne3
Bd6 21. Ndf1 Re8 22. Bd2 Nf5 23. Nxf5 Kxf5 0-1

[Event "TE.2005.S.02005"]
[Site "IECG"]
[Date "2007.12.08"]
[Round "?"]
[White "Buczinski, Henryk"]
[Black "Jordaan, Wayne"]
[Result "1-0"]
[WhiteElo "2147"]
[BlackElo "1713"]
[PlyCount "107"]
[EventDate "2007.12.08"]
[EventType "tourn (corr)"]
[SourceTitle "OM Corr 202003"]
[Source "Opening Master"]
[SourceDate "2019.05.30"]
[SourceVersion "2"]
[SourceVersionDate "2019.05.30"]
[SourceQuality "1"]

1. e4 e5 2. Nf3 Nc6 3. c3 Nf6 4. d3 d5 5. Nbd2 Be7 6. Be2 O-O 7. O-O a5 8. Qc2
Re8 9. Rd1 Bg4 10. h3 Be6 11. Nf1 h6 12. Ne3 Qd7 13. c4 d4 14. Nd5 Qd6 15. Bd2
Nd7 16. b3 Bd8 17. a3 Ncb8 18. Rf1 c6 19. b4 f6 20. c5 Qf8 21. Nb6 Nxb6 22.
cxb6 Bxb6 23. Nh4 Nd7 24. Bh5 Red8 25. Qb2 a4 26. Rfc1 c5 27. Nf5 Kh7 28. Nh4
Bb3 29. Be1 g5 30. Nf5 Rac8 31. Bg4 c4 32. dxc4 Bxc4 33. Qc2 Bb5 34. Qa2 Rc6
35. Rxc6 Bxc6 36. Ng3 Nb8 37. Rc1 d3 38. Bf5+ Kh8 39. b5 Bxb5 40. Rb1 Bc5 41.
Rxb5 b6 42. Be6 Na6 43. Rb1 Nc7 44. Bc4 b5 45. Bxb5 Nxb5 46. Rxb5 Bxa3 47. Nf5
Bc1 48. Rb7 Qe8 49. Nxh6 d2 50. Bxd2 Rxd2 51. Qc4 Rd1+ 52. Kh2 Bf4+ 53. g3 Rc1
54. Qd5 1-0

[Event "TE.2005.S.02005"]
[Site "IECG"]
[Date "2007.12.08"]
[Round "?"]
[White "Jordaan, Wayne"]
[Black "Buczinski, Henryk"]
[Result "1-0"]
[WhiteElo "1713"]
[BlackElo "2147"]
[PlyCount "117"]
[EventDate "2007.12.08"]
[EventType "tourn (corr)"]
[SourceTitle "OM Corr 202003"]
[Source "Opening Master"]
[SourceDate "2019.05.30"]
[SourceVersion "2"]
[SourceVersionDate "2019.05.30"]
[SourceQuality "1"]

1. e4 e5 2. Nf3 Nc6 3. c3 d5 4. Bb5 dxe4 5. Nxe5 Qd5 6. Qa4 Qxe5 7. Bxc6+ bxc6
8. Qxc6+ Kd8 9. Qxa8 Bc5 10. Na3 Nf6 11. Nc4 Qe6 12. b3 Re8 13. Ba3 Bxa3 14.
Nxa3 Qa6 15. Nc2 Kd7 16. Nb4 Qb7 17. Qxb7 Bxb7 18. O-O c5 19. Nc2 Ba6 20. c4
Rd8 21. f3 Bb7 22. Rae1 Kc7 23. Re2 Rd7 24. fxe4 Nxe4 25. Rf5 f6 26. Ne3 Kc8
27. Nf1 g6 28. Rf3 f5 29. Rfe3 Kc7 30. d3 Nc3 31. Rc2 f4 32. Re5 Rxd3 33. Rxc5+
Kb6 34. Re5 Bc8 35. Re7 h5 36. c5+ Kc6 37. Rxa7 Nd5 38. Rc1 h4 39. Ra8 Kb7 40.
Ra4 h3 41. c6+ Kc7 42. Ra7+ Kb6 43. Rf7 hxg2 44. Kxg2 g5 45. c7 Kb7 46. Rc5 Kb6
47. Rc4 Kb7 48. Rg7 g4 49. Rf7 Rd1 50. a4 Rd3 51. Rc5 Nb6 52. Rb5 Be6 53. Rf6
Rd6 54. a5 Bd5+ 55. Rxd5 Rxf6 56. axb6 Rxb6 57. Rc5 Kc8 58. Nd2 Re6 59. Nc4 1-0

[Event "TE.2005.S.02005"]
[Site "IECG"]
[Date "2007.12.08"]
[Round "?"]
[White "Jordaan, Wayne"]
[Black "Korchut, Adam"]
[Result "0-1"]
[WhiteElo "1713"]
[BlackElo "2157"]
[PlyCount "67"]
[EventDate "2007.12.08"]
[EventType "tourn (corr)"]
[SourceTitle "OM Corr 202003"]
[Source "Opening Master"]
[SourceDate "2019.05.30"]
[SourceVersion "2"]
[SourceVersionDate "2019.05.30"]
[SourceQuality "1"]

1. e4 e5 2. Nf3 Nc6 3. c3 d5 4. Bb5 f6 5. Qe2 dxe4 6. Qxe4 Nge7 7. O-O Bf5 8.
Bxc6+ bxc6 9. Qa4 Bd3 10. Re1 Qd7 11. Re3 Bb5 12. Qb3 Nf5 13. Re1 Bd3 14. Qb7
Rd8 15. Qxa7 c5 16. Qb7 Be7 17. h3 O-O 18. Qb3+ c4 19. Qd1 e4 20. Nh2 Nh4 21.
Na3 f5 22. b3 Qc6 23. Nxc4 Qg6 24. g3 Bc5 25. Kh1 Bxf2 26. gxh4 e3 27. Ne5 Be4+
28. Nef3 Rd3 29. Re2 Qg3 30. Qf1 Bxf3+ 31. Nxf3 Qxf3+ 32. Kh2 Rfd8 33. a4 exd2
34. Bxd2 0-1

[Event "TE.2005.S.02005"]
[Site "IECG"]
[Date "2007.12.08"]
[Round "?"]
[White "Korchut, Adam"]
[Black "Jordaan, Wayne"]
[Result "1-0"]
[WhiteElo "2157"]
[BlackElo "1713"]
[PlyCount "75"]
[EventDate "2007.12.08"]
[EventType "tourn (corr)"]
[SourceTitle "OM Corr 202003"]
[Source "Opening Master"]
[SourceDate "2019.05.30"]
[SourceVersion "2"]
[SourceVersionDate "2019.05.30"]
[SourceQuality "1"]

1. e4 e5 2. Nf3 Nc6 3. c3 Nf6 4. d4 Nxe4 5. d5 Ne7 6. Nxe5 Ng6 7. Nxg6 hxg6 8.
Be3 Qe7 9. Qf3 Rh5 10. Bd3 Nf6 11. c4 d6 12. Nc3 Bd7 13. h3 Bg4 14. Qg3 Bf5 15.
O-O-O Bxd3 16. Rxd3 O-O-O 17. f4 Qd7 18. Qf2 Re8 19. Bxa7 b6 20. Re1 Rxe1+ 21.
Qxe1 Rh8 22. a4 Kb7 23. Nb5 Qf5 24. Rd4 Qd7 25. a5 Qe7 26. Qb4 Nd7 27. axb6
cxb6 28. Bxb6 Nxb6 29. Qa5 f5 30. Qa7+ Kc8 31. Qxb6 Kd7 32. Rd3 Qe1+ 33. Kc2
Qe2+ 34. Kc3 Be7 35. Qc6+ Kd8 36. Nxd6 Qe1+ 37. Kb3 Bxd6 38. Qxd6+ 1-0

[Event "TE.2005.S.02004"]
[Site "IECG"]
[Date "2007.12.08"]
[Round "?"]
[White "Roman, Adrenalyn"]
[Black "Mikhailukov, Ivan"]
[Result "1/2-1/2"]
[WhiteElo "1840"]
[BlackElo "1925"]
[PlyCount "71"]
[EventDate "2007.12.08"]
[EventType "tourn (corr)"]
[SourceTitle "OM Corr 202003"]
[Source "Opening Master"]
[SourceDate "2019.05.30"]
[SourceVersion "2"]
[SourceVersionDate "2019.05.30"]
[SourceQuality "1"]

1. e4 e5 2. Nf3 Nc6 3. c3 d5 4. Bb5 dxe4 5. Nxe5 Qd5 6. Qa4 Nge7 7. f4 Be6 8.
Bc4 Qd6 9. Na3 Bxc4 10. Naxc4 Qe6 11. O-O a6 12. f5 Nxf5 13. Nxc6 b5 14. Rxf5
Qxf5 15. Nd4 Qd5 16. Ne3 bxa4 17. Nxd5 O-O-O 18. Ne3 Bc5 19. b3 Bxd4 20. cxd4
Rxd4 21. Nc4 Rdd8 22. Bb2 f6 23. bxa4 Rd3 24. Bc3 Re8 25. Ne3 Re6 26. Kf2 Rd7
27. Kg3 g6 28. Kf4 f5 29. h4 h5 30. Nc4 Rd5 31. Rc1 Kd7 32. Re1 Kc8 33. Ne5 Rc5
34. Re3 Rd5 35. Rg3 Kb7 36. a3 1/2-1/2

[Event "TE.2005.S.02004"]
[Site "IECG"]
[Date "2007.12.08"]
[Round "?"]
[White "Roman, Adrenalyn"]
[Black "Baer, Werner"]
[Result "1-0"]
[WhiteElo "1840"]
[BlackElo "1939"]
[PlyCount "101"]
[EventDate "2007.12.08"]
[EventType "tourn (corr)"]
[SourceTitle "OM Corr 202003"]
[Source "Opening Master"]
[SourceDate "2019.05.30"]
[SourceVersion "2"]
[SourceVersionDate "2019.05.30"]
[SourceQuality "1"]

1. e4 e5 2. Nf3 Nc6 3. c3 d5 4. Qa4 f6 5. Bb5 Nge7 6. exd5 Qxd5 7. d4 e4 8. c4
Qd7 9. Nfd2 Qxd4 10. O-O Qe5 11. Re1 f5 12. Nc3 Bd7 13. Nf3 Qe6 14. Bf4 Qg6 15.
Nd2 a6 16. c5 Rc8 17. Be2 Nd8 18. Qd1 h5 19. Nc4 Nec6 20. b4 Be6 21. Rc1 h4 22.
b5 h3 23. g3 axb5 24. Nxb5 Bxc5 25. Nxc7+ Kf7 26. Ne5+ Nxe5 27. Rxc5 Nec6 28.
f3 Qf6 29. fxe4 Qd4+ 30. Qxd4 Nxd4 31. exf5 Bxf5 32. Bd1 N8c6 33. Nb5 Rcd8 34.
Nd6+ Rxd6 35. Bxd6 Be6 36. a4 Rh6 37. Rf1+ Rf6 38. Rxf6+ Kxf6 39. g4 Ba2 40.
Rh5 g6 41. Rxh3 b5 42. axb5 Nxb5 43. Rf3+ Ke6 44. Bf4 Nbd4 45. Re3+ Kf7 46. h4
Bd5 47. Kf2 Ne6 48. Bd6 Ncd4 49. Be5 Nc6 50. Bc3 Ne7 51. h5 1-0

[Event "TE.2005.S.02005"]
[Site "IECG"]
[Date "2007.12.08"]
[Round "?"]
[White "Law, Steve"]
[Black "Jordaan, Wayne"]
[Result "0-1"]
[WhiteElo "1720"]
[BlackElo "1713"]
[PlyCount "42"]
[EventDate "2007.12.08"]
[EventType "tourn (corr)"]
[SourceTitle "OM Corr 202003"]
[Source "Opening Master"]
[SourceDate "2019.05.30"]
[SourceVersion "2"]
[SourceVersionDate "2019.05.30"]
[SourceQuality "1"]

1. e4 e5 2. Nf3 Nc6 3. c3 Nf6 4. d4 Nxe4 5. d5 Ne7 6. Nxe5 Ng6 7. Nxg6 hxg6 8.
Bd3 Nc5 9. Bc2 Qe7+ 10. Be3 d6 11. Nd2 Bf5 12. Bxf5 gxf5 13. Qe2 O-O-O 14. Bxc5
dxc5 15. Qxe7 Bxe7 16. c4 Rde8 17. Kd1 Bh4 18. g3 Bf6 19. Rb1 Bd4 20. f4 Re3
21. Nb3 Rxg3 0-1

[Event "TE.2005.S.02001"]
[Site "IECG"]
[Date "2007.12.08"]
[Round "?"]
[White "Secrieru, Ioan"]
[Black "Pedro, Fernando Pablo"]
[Result "1/2-1/2"]
[WhiteElo "1777"]
[BlackElo "1963"]
[PlyCount "71"]
[EventDate "2007.??.??"]

1. e4 e5 2. Nf3 Nc6 3. c3 d5 4. Qa4 f6 5. Bb5 Nge7 6. exd5 Qxd5 7. O-O e4 8.
Ne1 Bd7 9. d3 exd3 10. Nxd3 a6 11. Na3 Rb8 12. Bc4 Ne5 13. Bxd5 Bxa4 14. Be4
Bc6 15. Bxc6+ N7xc6 16. Nxe5 Nxe5 17. Nc2 Kf7 18. Bf4 Bd6 19. Rad1 Rhe8 20. Bg3
Rbd8 21. Rfe1 h5 22. h3 g5 23. Bxe5 Bxe5 24. g3 c6 25. g4 Bc7 26. Ne3 hxg4 27.
hxg4 Re4 28. Rxd8 Bxd8 29. Kg2 Bb6 30. Kf3 Ra4 31. a3 Rf4+ 32. Kg3 Bc7 33. Kg2
Bb6 34. Kg3 Bc7 35. Kg2 Bb6 36. Kg3 1/2-1/2

[Event "TE.2005.S.02001"]
[Site "IECG"]
[Date "2007.12.08"]
[Round "?"]
[White "Pedro, Fernando Pablo"]
[Black "Secrieru, Ioan"]
[Result "1-0"]
[WhiteElo "1963"]
[BlackElo "1777"]
[PlyCount "129"]
[EventDate "2007.??.??"]

1. e4 e5 2. Nf3 Nc6 3. c3 d5 4. Qa4 Bd7 5. exd5 Nd4 6. Qd1 Nxf3+ 7. Qxf3 Nf6 8.
Bc4 b5 9. Bb3 Bc5 10. d3 O-O 11. Bg5 h6 12. Bxf6 Qxf6 13. Qxf6 gxf6 14. Nd2 a5
15. a4 Rfb8 16. axb5 Bxb5 17. Bc4 a4 18. Ke2 Bd7 19. b3 axb3 20. Nxb3 Bd6 21.
Rxa8 Rxa8 22. Ra1 Rxa1 23. Nxa1 c5 24. dxc6 Bxc6 25. g3 Ba4 26. Bb3 Bd7 27. Nc2
f5 28. Bd5 Kg7 29. Ne1 Kf6 30. Ng2 Ke7 31. f4 f6 32. Ke3 Ba3 33. Bg8 Kf8 34.
Bb3 Bc1+ 35. Ke2 Bb2 36. Kd2 Bc8 37. Ne3 Ba3 38. Nc4 Be6 39. Nxa3 Bxb3 40. c4
Ke7 41. Kc3 Bd1 42. Nc2 Bf3 43. Ne3 Ke6 44. d4 exd4+ 45. Kxd4 Bc6 46. Kc5 Be4
47. Kb6 Kd7 48. c5 h5 49. h4 Bc6 50. Nxf5 Be4 51. Nd4 Bd5 52. c6+ Kc8 53. c7
Kd7 54. Nf5 Be4 55. Nd6 Kxd6 56. c8=Q f5 57. Qd8+ Ke6 58. Kc5 Bf3 59. Qe8+ Kf6
60. Kd6 Bb7 61. Qf8+ Kg6 62. Ke7 Bc6 63. Qg8+ Kh6 64. Kf6 Bd5 65. Qg6# 1-0

[Event "TE.2005.S.02004"]
[Site "IECG"]
[Date "2007.12.08"]
[Round "?"]
[White "Zielinski, Sergej"]
[Black "Schloegl, Dietrich"]
[Result "1-0"]
[WhiteElo "2242"]
[BlackElo "1721"]
[PlyCount "49"]
[EventDate "2007.12.08"]
[EventType "tourn (corr)"]
[SourceTitle "OM Corr 202003"]
[Source "Opening Master"]
[SourceDate "2019.05.30"]
[SourceVersion "2"]
[SourceVersionDate "2019.05.30"]
[SourceQuality "1"]

1. e4 e5 2. Nf3 Nc6 3. c3 Nf6 4. d4 Nxe4 5. d5 Ne7 6. Nxe5 Ng6 7. Nxg6 hxg6 8.
Qe2 Qe7 9. Bf4 d6 10. Na3 Bf5 11. O-O-O O-O-O 12. f3 Nc5 13. Qd2 Re8 14. b4 Na4
15. Bb5 Bd7 16. Rde1 Qd8 17. Bxa4 Bxa4 18. b5 a6 19. Rxe8 Qxe8 20. Re1 Qd8 21.
bxa6 bxa6 22. Qd3 Bb5 23. Nxb5 axb5 24. Qxb5 Be7 25. Qa6+ 1-0

[Event "TE.2005.S.02004"]
[Site "IECG"]
[Date "2007.12.08"]
[Round "?"]
[White "Roman, Adrenalyn"]
[Black "Schloegl, Dietrich"]
[Result "1-0"]
[WhiteElo "1840"]
[BlackElo "1721"]
[PlyCount "110"]
[EventDate "2007.12.08"]
[EventType "tourn (corr)"]
[SourceTitle "OM Corr 202003"]
[Source "Opening Master"]
[SourceDate "2019.05.30"]
[SourceVersion "2"]
[SourceVersionDate "2019.05.30"]
[SourceQuality "1"]

1. e4 e5 2. Nf3 Nc6 3. c3 Nf6 4. d4 Nxe4 5. d5 Ne7 6. Nxe5 Ng6 7. Nxg6 hxg6 8.
Bd3 Nf6 9. O-O Nxd5 10. Re1+ Be7 11. Bxg6 c6 12. Bc2 d6 13. c4 Nb4 14. Bb3 Be6
15. Nc3 Qa5 16. a3 Na6 17. Bf4 Qf5 18. Bg3 Rd8 19. Bc2 Qg4 20. Ne4 Qxd1 21.
Raxd1 d5 22. cxd5 cxd5 23. Nc3 O-O 24. Nb5 Nc5 25. Be5 Ne4 26. Nxa7 Bc5 27. Bd4
Bxd4 28. Rxd4 Nd6 29. Rb4 Rfe8 30. f3 Re7 31. h4 Kf8 32. Nb5 Nxb5 33. Rxb5 Rc8
34. Bb3 d4 35. Rb4 Rd8 36. Kf1 d3 37. Bxe6 fxe6 38. Rd1 Rd5 39. Ke1 Red7 40.
Kd2 g5 41. h5 Kg7 42. Re4 Rc7 43. Ke3 Rcd7 44. Rxe6 d2 45. a4 Kf7 46. Re4 b6
47. Rc4 R7d6 48. Rc7+ Kf8 49. g4 Re5+ 50. Kf2 Red5 51. b4 Rd4 52. a5 bxa5 53.
bxa5 R4d5 54. Rc2 Rxa5 55. Rcxd2 Rb6 1-0